000 00267nam a2200109Ia 4500
008 220204s9999 xx 000 0 und d
082 _a82-312.4
_bTAY
100 _aTaylor, B T
245 0 _aStories of magic and mystery
260 _aNew York
_bMoby
_c1979
942 _cBK
999 _c37670
_d37670